| 000 | 00668cam a22002172 4500 | ||
|---|---|---|---|
| 001 | 0000012859 | ||
| 005 | 20151217152115.0 | ||
| 008 | 090325s xx 000 0 eng d | ||
| 020 | _a0195215621 : | ||
| 040 |
_aKABU _cKABU |
||
| 245 | 1 | 0 |
_aHuman development report 1999 / _cUnited Nations development Programme. |
| 250 | _a1st ed. | ||
| 260 |
_aOxford : _bO. U. P., _c1999. |
||
| 300 | _axiv, 262 p. | ||
| 650 | 0 |
_aEconomic development. _@0000150073 |
|
| 650 | 0 |
_aQuality of life. _@0000145926 |
|
| 710 | 2 |
_aUnited Nations Development Programme. _@0000150216 |
|
| 852 | 1 | _9p500 KES | |
| 908 | _a090325 | ||
| 950 | _@1 | ||
| 999 |
_c8355 _d8355 |
||